000 00669nam a22002177a 4500
005 20251108173622.0
008 250721s2005 xx 000 0 ara d
082 1 4 _a616.96/ عسا
100 1 _aأبو عساف، إسماعيل
245 1 0 _aعلم الطفيليات /
264 1 _aعمان :
_bالأهلية للنشر و التوزيع،
_c2005.
300 _a235ص.
650 1 7 _aعلم الطفيليات
650 1 7 _aالأمراض الطفيلية
650 1 7 _aالفطريات
650 1 7 _aعلوم الحياة
700 1 _aناصر، ندى سامي
_eآخر
700 1 _aرزق، عادل
_eآخر
942 _2ddc
_cBK
999 _c108274
_d108274